|
|
|
|
| LEADER |
01985nam a2200361 a 4500 |
| 003 |
GR-PaULI |
| 005 |
20241130063356.0 |
| 008 |
140604s2008 gr e f b gre d |
| 952 |
|
|
|0 0
|1 0
|2 ddc
|3 τ. 2
|4 0
|6 338_500000000000000_NIC
|7 0
|9 233392
|a LISA
|b LISA
|c BSC
|d 2019-06-27
|i 14358
|l 0
|o 338.5 NIC
|p 025000263304
|r 2019-06-27 00:00:00
|t 1
|w 2019-06-27
|y BK15
|
| 952 |
|
|
|0 0
|1 0
|2 ddc
|3 τ.1
|4 0
|6 338_500000000000000_NIC
|7 0
|9 241649
|a LISP
|b LISP
|c BSC
|d 2020-07-02
|i 061704
|l 2
|m 1
|o 338.5 NIC
|p 025000274579
|r 2023-09-25 00:00:00
|s 2023-08-03
|t 1
|w 2020-07-02
|y BK15
|
| 999 |
|
|
|c 141638
|d 141638
|
| 020 |
|
|
|a 9789602185650 (τ.2)
|
| 020 |
|
|
|a 9789602185537 (τ.1)
|
| 020 |
|
|
|a 9789602185544 (σετ)
|
| 040 |
|
|
|a GR-PaULI
|b gre
|c GR-PaULI
|d GR-AiPI
|e AACR2
|
| 041 |
0 |
|
|a gre
|h eng
|
| 082 |
0 |
4 |
|a 338.5
|2 23
|
| 100 |
1 |
|
|a Nicholson, Walter
|9 11681
|e συγγραφέας.
|
| 245 |
1 |
0 |
|a Μικροοικονομική θεωρία :
|b βασικές αρχές και προεκτάσεις /
|c Walter Nicholson ; μετάφραση Αντώνης Μπρανιλάκης ; επιστημονική επιμέλεια Θέμις Μίνογλου.
|
| 250 |
|
|
|a 2η έκδ., αναθεωρ.
|
| 260 |
|
|
|a Αθήνα :
|b Κριτική,
|c 2008.
|
| 300 |
|
|
|a 2 τ. :
|b σχ. ;
|c 25 εκ.
|
| 490 |
1 |
|
|a Επιστημονική Βιβλιοθήκη
|
| 500 |
|
|
|a Τίτλος πρωτοτύπου : Microeconomic theory : basic principles and extensions, 9th edition, 2005.
|
| 500 |
|
|
|a τ. 1. - 415 σ. -- τ. 2 - 581 σ.
|
| 504 |
|
|
|6 Περιλαμβάνει βιβλιογραφία.
|
| 650 |
|
4 |
|a Μικροοικονομική
|9 1787
|
| 700 |
1 |
|
|a Μπρανιλάκης, Αντώνης
|9 138865
|e μεταφραστής.
|
| 700 |
1 |
|
|a Μίνογλου, Θέμις
|9 10505
|e επιμελήτρια.
|
| 760 |
0 |
|
|a Επιστημονική βιβλιοθήκη
|
| 830 |
|
0 |
|a Επιστημονική βιβλιοθήκη (Κριτική)
|9 155732
|
| 942 |
|
|
|2 ddc
|c BK15
|
| 998 |
|
|
|c ΛΟΥΚΟΠΟΥΛΟΥ
|d 2019-05
|